[Event "EIRCC 2019"]
[Site "Tallinn"]
[Date "2019.12.05"]
[Round "5.4"]
[White "Sebenik, Matej"]
[Black "Sanal, Vahap"]
[Result "1/2-1/2"]
[WhiteElo "2504"]
[BlackElo "2597"]
[Annotator "ChessBase"]
[PlyCount "111"]
[EventDate "2019.12.05"]
[EventType "swiss"]
[EventCountry "EST"]
[SourceTitle "playchess.com"]
[Source "ChessBase"]
[SourceQuality "1"]
[TimeControl "900+10"]

1. Nf3 {[%emt 0:00:00]} g6 {[%emt 0:00:00]} 2. e4 {[%emt 0:00:02]} d6 {[%emt 0:00:00]} 3. d4 {[%emt 0:00:07]} Bg7 {[%emt 0:00:00]} 4. Nc3 {[%emt 0:00:16]} Nf6 {[%emt 0:00:09]} 5. Be3 {[%emt 0:00:04]} Nc6 {[%emt 0:00:06]} 6. Qd2 {[%emt 0:00:58]} O-O {[%emt 0:00:10]} 7. d5 {[%emt 0:00:35]} Nb8 {[%emt 0:00:04]} 8. Bh6 {[%emt 0:00:02]} c6 {[%emt 0:00:02]} 9. h4 {[%emt 0:00:22]} Bxh6 {[%emt 0:00:51]} 10. Qxh6 {[%emt 0:00:01]} Qb6 {[%emt 0:00:02]} 11. Qd2 {[%emt 0:01:37]} Bg4 {[%emt 0:00:25]} 12. O-O-O {[%emt 0:00:30]} Nbd7 {[%emt 0:00:04]} 13. Be2 {[%emt 0:00:01]} Bxf3 {[%emt 0:01:34]} 14. Bxf3 {[%emt 0:00:11]} Ne5 {[%emt 0:00:02]} 15. Be2 {[%emt 0:02:25]} Qxf2 {[%emt 0:00:22]} 16. Rdf1 {[%emt 0:00:01]} Qc5 {[%emt 0:00:09]} 17. h5 {[%emt 0:00:05]} a5 {[%emt 0:05:50]} 18. Kb1 {[%emt 0:00:09]} Rac8 {[%emt 0:01:10]} 19. Qh6 {[%emt 0:00:38]} Nfg4 {[%emt 0:00:44]} 20. Bxg4 {[%emt 0:02:11]} Nxg4 {[%emt 0:00:02]} 21. Qg5 {[%emt 0:00:01]} Ne5 {[%emt 0:01:02]} 22. Qxe7 {[%emt 0:02:22]} Qb6 {[%emt 0:01:52]} 23. hxg6 {[%emt 0:01:06]} Qd8 {[%emt 0:01:05]} 24. gxf7+ {[%emt 0:00:26]} Rxf7 {[%emt 0:00:45]} 25. Qe6 {[%emt 0:00:12]} Rcc7 {[%emt 0:00:10]} 26. Rf5 {[%emt 0:01:17]} Rce7 {[%emt 0:01:06]} 27. Qh6 {[%emt 0:00:02]} Ng6 {[%emt 0:00:50]} 28. Rhf1 {[%emt 0:00:19]} Qe8 {[%emt 0:00:04]} 29. a3 {[%emt 0:00:21]} Rg7 {[%emt 0:00:27]} 30. dxc6 {[%emt 0:00:05]} bxc6 {[%emt 0:00:01]} 31. Qd2 {[%emt 0:00:02]} Re6 {[%emt 0:00:06]} 32. Rxa5 {[%emt 0:00:02]} Rb7 {[%emt 0:00:02]} 33. Qd4 {[%emt 0:00:22]} Qb8 {[%emt 0:00:10]} 34. b3 {[%emt 0:00:09]} Ne5 {[%emt 0:00:02]} 35. Ka2 {[%emt 0:00:42]} Kg7 {[%emt 0:00:21]} 36. Ne2 {[%emt 0:00:14]} Kh8 {[%emt 0:00:23]} 37. Nf4 {[%emt 0:00:26]} Rf6 {[%emt 0:00:06]} 38. g3 {[%emt 0:00:01]} Rbf7 {[%emt 0:00:22]} 39. Qa4 {[%emt 0:00:30]} Rf8 {[%emt 0:00:13]} 40. Ra7 {[%emt 0:00:02]} Qb6 {[%emt 0:00:15]} 41. Rh1 {[%emt 0:00:13]} h6 {[%emt 0:00:01]} 42. Ra8 {[%emt 0:00:05]} Qf2 {[%emt 0:00:06]} 43. Kb1 {[%emt 0:01:00]} Kg8 {[%emt 0:00:20]} 44. Qa7 {[%emt 0:00:45]} Qf3 {[%emt 0:00:15]} 45. Rxf8+ {[%emt 0:00:07]} Kxf8 {[%emt 0:00:08]} 46. Qb8+ {[%emt 0:00:14]} Kf7 {[%emt 0:00:04]} 47. Qc7+ {[%emt 0:00:03]} Kg8 {[%emt 0:00:01]} 48. Qd8+ {[%emt 0:00:05]} Rf8 {[%emt 0:00:03]} 49. Qh4 {[%emt 0:00:05]} Rb8 {[%emt 0:00:20]} 50. Qxh6 {[%emt 0:00:30]} Rxb3+ {[%emt 0:00:02]} 51. cxb3 {[%emt 0:00:00]} Qxb3+ 52. Kc1 Qxa3+ {[%emt 0:00:15]} 53. Kd1 {[%emt 0:00:03]} Qb3+ {[%emt 0:00:02]} 54. Kc1 {[%emt 0:01:33]} Qc3+ {[%emt 0:00:07]} 55. Kd1 {[%emt 0:00:01]} Qb3+ {[%emt 0:00:01]} 56. Kc1 {[%emt 0:00:26]} 1/2-1/2

[Event "EIRCC 2019"]
[Site "Tallinn"]
[Date "2019.12.05"]
[Round "5.5"]
[White "Riazantsev, Alexander"]
[Black "Pershin, Denis"]
[Result "1-0"]
[WhiteElo "2594"]
[BlackElo "2509"]
[Annotator "ChessBase"]
[PlyCount "109"]
[EventDate "2019.12.05"]
[EventType "swiss"]
[EventCountry "EST"]
[SourceTitle "playchess.com"]
[Source "ChessBase"]
[SourceQuality "1"]
[TimeControl "900+10"]

1. d4 {[%emt 0:00:00]} Nf6 {[%emt 0:00:00]} 2. c4 {[%emt 0:00:00]} e6 {[%emt 0:00:00]} 3. Nf3 {[%emt 0:00:00]} d5 {[%emt 0:00:00]} 4. Bg5 {[%emt 0:00:01]} c6 {[%emt 0:01:49]} 5. Nbd2 {[%emt 0:00:37]} Nbd7 {[%emt 0:00:06]} 6. e3 {[%emt 0:00:02]} h6 {[%emt 0:00:04]} 7. Bh4 {[%emt 0:00:06]} Bd6 {[%emt 0:00:05]} 8. Bd3 {[%emt 0:00:07]} O-O {[%emt 0:00:05]} 9. O-O {[%emt 0:00:16]} e5 {[%emt 0:00:09]} 10. cxd5 {[%emt 0:01:29]} cxd5 {[%emt 0:00:02]} 11. dxe5 {[%emt 0:01:44]} Nxe5 {[%emt 0:00:02]} 12. Be2 {[%emt 0:00:01]} Ng6 {[%emt 0:01:09]} 13. Bg3 {[%emt 0:00:02]} Bxg3 {[%emt 0:00:02]} 14. hxg3 {[%emt 0:00:01]} Bg4 {[%emt 0:00:10]} 15. Nb3 {[%emt 0:00:27]} Qb6 {[%emt 0:01:53]} 16. Qd4 {[%emt 0:00:01]} Qxd4 {[%emt 0:00:02]} 17. Nbxd4 {[%emt 0:00:02]} Rac8 {[%emt 0:00:17]} 18. Rfc1 {[%emt 0:00:04]} Ne7 {[%emt 0:00:40]} 19. Bb5 {[%emt 0:00:14]} Bxf3 {[%emt 0:00:16]} 20. gxf3 {[%emt 0:00:02]} Rxc1+ {[%emt 0:00:07]} 21. Rxc1 {[%emt 0:00:01]} Rc8 {[%emt 0:00:01]} 22. Rd1 {[%emt 0:00:22]} Kf8 {[%emt 0:03:32]} 23. Ba4 {[%emt 0:00:01]} a6 {[%emt 0:00:41]} 24. g4 {[%emt 0:01:56]} g6 {[%emt 0:00:44]} 25. Kg2 {[%emt 0:00:10]} Nc6 {[%emt 0:00:44]} 26. Bxc6 {[%emt 0:03:18]} bxc6 {[%emt 0:00:02]} 27. b4 {[%emt 0:00:01]} Ke7 {[%emt 0:01:44]} 28. Rc1 {[%emt 0:00:01]} Kd6 {[%emt 0:00:12]} 29. Rc5 {[%emt 0:00:04]} Nd7 {[%emt 0:00:38]} 30. Ra5 {[%emt 0:00:01]} Ra8 {[%emt 0:01:01]} 31. Nb3 {[%emt 0:00:00]} Kc7 {[%emt 0:00:48]} 32. Nc5 {[%emt 0:01:43]} Nxc5 {[%emt 0:00:09]} 33. bxc5 {[%emt 0:00:01]} Kb7 {[%emt 0:00:34]} 34. Ra4 {[%emt 0:00:09]} a5 {[%emt 0:00:06]} 35. Rf4 {[%emt 0:00:10]} Ka6 {[%emt 0:00:39]} 36. a4 {[%emt 0:01:35]} Ra7 {[%emt 0:00:39]} 37. Rf6 {[%emt 0:00:04]} Rc7 {[%emt 0:00:01]} 38. Kf1 {[%emt 0:02:23]} Kb7 {[%emt 0:00:01]} 39. Ke2 {[%emt 0:00:00]} Re7 {[%emt 0:00:37]} 40. Kd3 {[%emt 0:00:02]} Kc7 {[%emt 0:00:01]} 41. f4 {[%emt 0:00:24]} Kd7 {[%emt 0:01:22]} 42. f3 {[%emt 0:00:02]} h5 {[%emt 0:00:07]} 43. gxh5 {[%emt 0:00:31]} gxh5 {[%emt 0:00:01]} 44. Rd6+ {[%emt 0:00:01]} Kc8 {[%emt 0:00:38]} 45. Rxc6+ {[%emt 0:00:48]} Rc7 {[%emt 0:00:02]} 46. Rf6 {[%emt 0:00:01]} Rxc5 {[%emt 0:00:23]} 47. Rxf7 {[%emt 0:00:02]} Rc4 {[%emt 0:00:11]} 48. Rh7 {[%emt 0:00:07]} Rxa4 {[%emt 0:00:02]} 49. Rxh5 {[%emt 0:00:06]} Ra1 {[%emt 0:00:19]} 50. Rxd5 {[%emt 0:00:04]} a4 {[%emt 0:00:05]} 51. Ke4 {[%emt 0:01:00]} Kc7 {[%emt 0:00:09]} 52. f5 {[%emt 0:00:06]} a3 {[%emt 0:00:02]} 53. f6 {[%emt 0:00:33]} Rb1 {[%emt 0:00:24]} 54. f7 {[%emt 0:00:29]} Rb8 {[%emt 0:00:10]} 55. Ra5 {[%emt 0:00:07]} 1-0

[Event "EIRCC 2019"]
[Site "Tallinn"]
[Date "2019.12.05"]
[Round "5.6"]
[White "Kanep, Meelis"]
[Black "Esipenko, Andrey"]
[Result "0-1"]
[WhiteElo "2466"]
[BlackElo "2590"]
[Annotator "ChessBase"]
[PlyCount "82"]
[EventDate "2019.12.05"]
[EventType "swiss"]
[EventCountry "EST"]
[SourceTitle "playchess.com"]
[Source "ChessBase"]
[SourceQuality "1"]
[TimeControl "900+10"]

1. d4 {[%emt 0:00:00]} Nf6 {[%emt 0:00:00]} 2. Bg5 {[%emt 0:00:00]} e6 {[%emt 0:00:01]} 3. e4 {[%emt 0:00:00]} h6 {[%emt 0:00:03]} 4. Bxf6 {[%emt 0:00:02]} Qxf6 {[%emt 0:00:03]} 5. c3 {[%emt 0:00:01]} d6 {[%emt 0:00:12]} 6. Bd3 {[%emt 0:00:04]} Qg5 {[%emt 0:00:03]} 7. g3 {[%emt 0:00:49]} e5 {[%emt 0:00:06]} 8. Ne2 {[%emt 0:00:15]} Qe7 {[%emt 0:02:58]} 9. f4 {[%emt 0:00:45]} g6 {[%emt 0:00:04]} 10. Nd2 {[%emt 0:03:02]} Bg7 {[%emt 0:00:11]} 11. Qb3 {[%emt 0:01:39]} Nc6 {[%emt 0:01:47]} 12. d5 {[%emt 0:00:26]} Nb8 {[%emt 0:00:08]} 13. O-O-O {[%emt 0:00:53]} Nd7 {[%emt 0:00:06]} 14. f5 {[%emt 0:00:36]} Nc5 {[%emt 0:00:19]} 15. Qc2 {[%emt 0:00:13]} Bd7 {[%emt 0:01:29]} 16. Rhf1 {[%emt 0:00:37]} h5 {[%emt 0:00:22]} 17. Kb1 {[%emt 0:00:30]} Bh6 {[%emt 0:00:38]} 18. Nb3 {[%emt 0:01:31]} Nxd3 {[%emt 0:02:18]} 19. Qxd3 {[%emt 0:00:08]} a5 {[%emt 0:03:23]} 20. c4 {[%emt 0:01:53]} Qg5 {[%emt 0:00:03]} 21. Qc2 {[%emt 0:00:57]} Qe3 {[%emt 0:00:26]} 22. Nc3 {[%emt 0:00:25]} a4 {[%emt 0:00:09]} 23. Nc1 {[%emt 0:00:57]} Qc5 {[%emt 0:00:54]} 24. fxg6 {[%emt 0:00:29]} fxg6 {[%emt 0:00:05]} 25. Nb5 {[%emt 0:00:54]} Ke7 {[%emt 0:01:11]} 26. Nd3 {[%emt 0:00:09]} Qb6 {[%emt 0:00:01]} 27. Na3 {[%emt 0:00:40]} Qa5 {[%emt 0:01:18]} 28. c5 {[%emt 0:00:10]} b5 {[%emt 0:00:02]} 29. cxb6 {[%emt 0:00:24]} Qxb6 {[%emt 0:00:53]} 30. Nc4 {[%emt 0:00:01]} Qa6 {[%emt 0:00:02]} 31. Ndxe5 {[%emt 0:00:12]} dxe5 {[%emt 0:00:03]} 32. d6+ {[%emt 0:00:22]} cxd6 {[%emt 0:00:05]} 33. Rxd6 {[%emt 0:00:07]} Qb5 {[%emt 0:00:02]} 34. Rd5 {[%emt 0:00:09]} Qa6 {[%emt 0:00:31]} 35. Rxd7+ {[%emt 0:01:08]} Kxd7 {[%emt 0:00:05]} 36. Qd3+ {[%emt 0:00:07]} Ke7 {[%emt 0:00:28]} 37. Qa3+ {[%emt 0:00:04]} Ke8 {[%emt 0:00:24]} 38. Qc5 {[%emt 0:00:20]} Rh7 {[%emt 0:00:14]} 39. Qxe5+ {[%emt 0:00:19]} Re7 {[%emt 0:00:02]} 40. Nd6+ {[%emt 0:00:04]} Kd7 {[%emt 0:00:02]} 41. Qd5 {[%emt 0:00:15]} Qxf1+ {[%emt 0:00:03]} 0-1

[Event "EIRCC 2019"]
[Site "Tallinn"]
[Date "2019.12.05"]
[Round "5.7"]
[White "Yuffa, Daniil"]
[Black "Usmanov, Vasily"]
[Result "1-0"]
[WhiteElo "2587"]
[BlackElo "2428"]
[Annotator "ChessBase"]
[PlyCount "149"]
[EventDate "2019.12.05"]
[EventType "swiss"]
[EventCountry "EST"]
[SourceTitle "playchess.com"]
[Source "ChessBase"]
[SourceQuality "1"]
[TimeControl "900+10"]

1. d4 {[%emt 0:00:00]} Nf6 {[%emt 0:00:00]} 2. c4 {[%emt 0:00:00]} e6 {[%emt 0:00:00]} 3. g3 {[%emt 0:00:00]} c5 {[%emt 0:00:00]} 4. d5 {[%emt 0:00:00]} exd5 {[%emt 0:00:00]} 5. cxd5 {[%emt 0:00:00]} g6 {[%emt 0:00:00]} 6. Nc3 {[%emt 0:00:00]} d6 {[%emt 0:00:00]} 7. Bg2 {[%emt 0:00:00]} Bg7 {[%emt 0:00:01]} 8. Nf3 {[%emt 0:00:01]} O-O {[%emt 0:00:03]} 9. O-O {[%emt 0:00:02]} a6 {[%emt 0:00:03]} 10. a4 {[%emt 0:00:02]} Nbd7 {[%emt 0:00:08]} 11. Bf4 {[%emt 0:00:05]} Qe7 {[%emt 0:00:49]} 12. Re1 {[%emt 0:00:49]} h6 {[%emt 0:00:08]} 13. Qb3 {[%emt 0:01:47]} g5 {[%emt 0:02:05]} 14. Bc1 {[%emt 0:01:08]} Re8 {[%emt 0:00:37]} 15. a5 {[%emt 0:00:35]} Rb8 {[%emt 0:00:31]} 16. h4 {[%emt 0:00:32]} g4 {[%emt 0:00:03]} 17. Nd2 {[%emt 0:00:02]} Ne5 {[%emt 0:02:34]} 18. Nc4 {[%emt 0:02:45]} Nxc4 {[%emt 0:00:35]} 19. Qxc4 {[%emt 0:00:02]} b5 {[%emt 0:00:03]} 20. axb6 {[%emt 0:00:03]} Rxb6 {[%emt 0:00:02]} 21. Qd3 {[%emt 0:00:37]} Rb4 {[%emt 0:01:05]} 22. Qc2 {[%emt 0:00:28]} Nd7 {[%emt 0:03:03]} 23. Bd2 {[%emt 0:00:15]} Nb6 {[%emt 0:01:13]} 24. Nd1 {[%emt 0:00:14]} Rb5 {[%emt 0:02:24]} 25. e4 {[%emt 0:00:44]} Nd7 {[%emt 0:00:37]} 26. Bc3 {[%emt 0:00:52]} Ne5 {[%emt 0:00:12]} 27. Ne3 {[%emt 0:00:09]} Qb7 {[%emt 0:00:20]} 28. Nf5 {[%emt 0:01:11]} Bxf5 {[%emt 0:00:02]} 29. exf5 {[%emt 0:00:01]} Rb8 {[%emt 0:00:53]} 30. f6 {[%emt 0:01:04]} Bxf6 {[%emt 0:00:02]} 31. Qf5 {[%emt 0:00:01]} Bg7 {[%emt 0:00:22]} 32. Ra4 {[%emt 0:01:27]} Qc8 {[%emt 0:00:33]} 33. Qxc8+ {[%emt 0:00:49]} Rxc8 {[%emt 0:00:01]} 34. Rxa6 {[%emt 0:00:02]} Rd8 {[%emt 0:00:38]} 35. Re4 {[%emt 0:00:03]} h5 {[%emt 0:00:17]} 36. Rf4 {[%emt 0:00:02]} Nd3 {[%emt 0:00:59]} 37. Rf5 {[%emt 0:00:18]} Rxb2 {[%emt 0:00:14]} 38. Bxb2 {[%emt 0:00:32]} Bxb2 {[%emt 0:00:02]} 39. Rxh5 {[%emt 0:00:53]} Bd4 {[%emt 0:00:04]} 40. Rg5+ {[%emt 0:00:11]} Kf8 {[%emt 0:00:01]} 41. Rxg4 {[%emt 0:01:09]} Bxf2+ {[%emt 0:00:01]} 42. Kh2 {[%emt 0:00:01]} Ne5 {[%emt 0:00:20]} 43. Rga4 {[%emt 0:00:19]} c4 {[%emt 0:00:22]} 44. Ra8 {[%emt 0:00:09]} Rxa8 {[%emt 0:00:00]} 45. Rxa8+ {[%emt 0:00:01]} Kg7 {[%emt 0:00:18]} 46. Be4 {[%emt 0:00:03]} c3 {[%emt 0:00:22]} 47. Kg2 {[%emt 0:00:03]} Bd4 {[%emt 0:00:12]} 48. Kf1 {[%emt 0:00:39]} Ng4 {[%emt 0:00:22]} 49. Ke2 {[%emt 0:00:15]} Be5 {[%emt 0:00:01]} 50. Kf3 {[%emt 0:01:05]} Nh2+ {[%emt 0:00:02]} 51. Kg2 {[%emt 0:00:01]} Ng4 {[%emt 0:00:01]} 52. Rc8 {[%emt 0:00:06]} f5 {[%emt 0:00:24]} 53. Bd3 {[%emt 0:00:52]} Kf6 {[%emt 0:00:19]} 54. Rf8+ {[%emt 0:00:49]} Kg7 {[%emt 0:00:06]} 55. Rxf5 {[%emt 0:00:09]} c2 {[%emt 0:00:23]} 56. Bxc2 {[%emt 0:00:12]} Ne3+ {[%emt 0:00:01]} 57. Kf3 {[%emt 0:00:01]} Nxc2 {[%emt 0:00:01]} 58. Ke4 {[%emt 0:00:10]} Bf6 {[%emt 0:00:21]} 59. h5 {[%emt 0:00:31]} Nb4 {[%emt 0:00:16]} 60. g4 {[%emt 0:00:06]} Na6 {[%emt 0:00:03]} 61. g5 {[%emt 0:00:13]} Nc5+ {[%emt 0:00:01]} 62. Kf3 {[%emt 0:00:10]} Bc3 {[%emt 0:00:11]} 63. Kg4 {[%emt 0:00:18]} Nd7 {[%emt 0:00:02]} 64. Rf1 {[%emt 0:00:08]} Nb6 {[%emt 0:00:12]} 65. Rd1 {[%emt 0:00:04]} Nc4 {[%emt 0:00:09]} 66. Rc1 {[%emt 0:00:08]} Ne3+ {[%emt 0:00:01]} 67. Kf3 {[%emt 0:00:24]} Nxd5 {[%emt 0:00:14]} 68. Rd1 {[%emt 0:00:02]} Ne7 {[%emt 0:00:37]} 69. Rxd6 {[%emt 0:00:02]} Bb2 {[%emt 0:00:04]} 70. Kg4 {[%emt 0:00:05]} Bc1 {[%emt 0:00:06]} 71. h6+ {[%emt 0:00:05]} Kf7 {[%emt 0:00:06]} 72. Kh5 {[%emt 0:00:10]} Ke8 {[%emt 0:00:25]} 73. h7 {[%emt 0:00:08]} Bb2 {[%emt 0:00:02]} 74. Rf6 {[%emt 0:00:05]} Bxf6 {[%emt 0:00:02]} 75. gxf6 {[%emt 0:00:01]} 1-0

[Event "EIRCC 2019"]
[Site "Tallinn"]
[Date "2019.12.05"]
[Round "5.8"]
[White "Gretarsson, Helgi Ass"]
[Black "Popov, Valerij"]
[Result "1/2-1/2"]
[WhiteElo "2421"]
[BlackElo "2583"]
[Annotator "ChessBase"]
[PlyCount "85"]
[EventDate "2019.12.05"]
[EventType "swiss"]
[EventCountry "EST"]
[SourceTitle "playchess.com"]
[Source "ChessBase"]
[SourceQuality "1"]
[TimeControl "900+10"]

1. Nf3 {[%emt 0:00:00]} d5 {[%emt 0:00:00]} 2. g3 {[%emt 0:00:00]} Nf6 {[%emt 0:00:00]} 3. Bg2 {[%emt 0:00:00]} c6 {[%emt 0:00:05]} 4. O-O {[%emt 0:00:07]} Bg4 {[%emt 0:00:03]} 5. h3 {[%emt 0:00:09]} Bh5 {[%emt 0:00:08]} 6. d3 {[%emt 0:00:08]} e6 {[%emt 0:00:14]} 7. Nbd2 {[%emt 0:00:52]} Be7 {[%emt 0:00:27]} 8. e4 {[%emt 0:00:23]} O-O {[%emt 0:00:14]} 9. Qe1 {[%emt 0:02:11]} Nbd7 {[%emt 0:01:43]} 10. b3 {[%emt 0:02:46]} Qa5 {[%emt 0:01:17]} 11. a3 {[%emt 0:00:30]} Rfd8 {[%emt 0:03:59]} 12. Bb2 {[%emt 0:00:21]} Ne8 {[%emt 0:00:23]} 13. b4 {[%emt 0:01:58]} Qa4 {[%emt 0:00:42]} 14. Nb3 {[%emt 0:00:49]} dxe4 {[%emt 0:01:01]} 15. Qxe4 {[%emt 0:00:02]} Bf6 {[%emt 0:00:39]} 16. Bxf6 {[%emt 0:00:52]} Nexf6 {[%emt 0:00:07]} 17. Qe3 {[%emt 0:00:02]} Nd5 {[%emt 0:00:46]} 18. Qd4 {[%emt 0:00:41]} Rac8 {[%emt 0:00:17]} 19. Qb2 {[%emt 0:00:32]} Qa6 {[%emt 0:01:18]} 20. Nfd2 {[%emt 0:00:38]} Qb6 {[%emt 0:00:10]} 21. c4 {[%emt 0:00:44]} N5f6 {[%emt 0:00:04]} 22. c5 {[%emt 0:00:05]} Qc7 {[%emt 0:00:03]} 23. Nc4 {[%emt 0:00:01]} Ne8 {[%emt 0:00:09]} 24. Rfe1 {[%emt 0:00:14]} Ndf6 {[%emt 0:00:16]} 25. d4 {[%emt 0:00:29]} h6 {[%emt 0:00:22]} 26. Ne5 {[%emt 0:00:04]} Nd7 {[%emt 0:00:02]} 27. Nc4 {[%emt 0:00:25]} Rb8 {[%emt 0:00:17]} 28. a4 {[%emt 0:00:31]} b6 {[%emt 0:00:33]} 29. cxb6 {[%emt 0:00:05]} axb6 {[%emt 0:00:15]} 30. Rac1 {[%emt 0:00:06]} Nef6 {[%emt 0:00:58]} 31. Ne3 {[%emt 0:00:18]} Qd6 {[%emt 0:00:07]} 32. Nd2 {[%emt 0:01:40]} Nf8 {[%emt 0:00:35]} 33. Bxc6 {[%emt 0:01:04]} Qxd4 {[%emt 0:00:15]} 34. Qxd4 {[%emt 0:00:02]} Rxd4 {[%emt 0:00:01]} 35. Ndc4 {[%emt 0:00:00]} Nd5 {[%emt 0:00:15]} 36. Nxd5 {[%emt 0:00:49]} exd5 {[%emt 0:00:01]} 37. Ne3 {[%emt 0:00:00]} Rxb4 {[%emt 0:00:05]} 38. Nxd5 {[%emt 0:00:03]} Rd4 {[%emt 0:00:05]} 39. Rb1 {[%emt 0:00:03]} Ne6 {[%emt 0:00:27]} 40. a5 {[%emt 0:00:12]} Nd8 {[%emt 0:00:20]} 41. Ne7+ {[%emt 0:00:23]} Kf8 {[%emt 0:00:16]} 42. Rxb6 {[%emt 0:00:16]} Rxb6 {[%emt 0:00:09]} 43. axb6 1/2-1/2

[Event "EIRCC 2019"]
[Site "Tallinn"]
[Date "2019.12.05"]
[Round "5.9"]
[White "Andriasian, Zaven"]
[Black "Nazaretyan, Tigran"]
[Result "1-0"]
[WhiteElo "2633"]
[BlackElo "2377"]
[Annotator "RC"]
[PlyCount "113"]
[EventDate "2019.12.05"]
[EventType "swiss"]
[EventCountry "EST"]
[SourceTitle "playchess.com"]
[Source "ChessBase"]
[SourceQuality "1"]
[TimeControl "900+10"]

1. e4 {[%emt 0:00:00]} c5 {[%emt 0:00:00]} 2. Nf3 {[%emt 0:00:00]} Nc6 {[%emt 0:00:00]} 3. Bb5 {[%emt 0:00:00]} g6 {[%emt 0:00:05]} 4. Bxc6 {[%emt 0:00:00]} dxc6 {[%emt 0:00:02]} 5. h3 {[%emt 0:00:00]} Bg7 {[%emt 0:00:02]} 6. d3 {[%emt 0:00:00]} Nf6 {[%emt 0:00:07]} 7. Nc3 {[%emt 0:00:01]} Nd7 {[%emt 0:00:23]} 8. Be3 {[%emt 0:00:02]} e5 {[%emt 0:00:03]} 9. Qd2 {[%emt 0:00:12]} h6 {[%emt 0:00:36]} 10. Nh2 {[%emt 0:00:22]} Qe7 {[%emt 0:02:20]} 11. O-O {[%emt 0:00:03]} Nf8 {[%emt 0:00:03]} 12. f4 {[%emt 0:00:03]} exf4 {[%emt 0:00:02]} 13. Bxf4 {[%emt 0:00:01]} Ne6 {[%emt 0:00:01]} 14. Bg3 {[%emt 0:00:02]} Qg5 {[%emt 0:00:03]} 15. Qe1 {[%emt 0:00:04]} Nd4 {[%emt 0:00:02]} 16. Qf2 {[%emt 0:00:10]} O-O {[%emt 0:01:04]} 17. Bd6 {[%emt 0:01:11]} Bxh3 {[%emt 0:00:27]} 18. Bf4 {[%emt 0:00:02]} Qxg2+ {[%emt 0:00:10]} 19. Qxg2 {[%emt 0:00:01]} Bxg2 {[%emt 0:00:02]} 20. Kxg2 {[%emt 0:00:02]} Nxc2 {[%emt 0:00:02]} 21. Rad1 {[%emt 0:00:37]} Rad8 {[%emt 0:00:20]} 22. Rf2 {[%emt 0:01:02]} Nd4 {[%emt 0:01:24]} 23. Nf3 {[%emt 0:00:05]} f5 {[%emt 0:01:06]} 24. exf5 {[%emt 0:02:27]} Nxf5 {[%emt 0:01:42]} 25. Bc1 {[%emt 0:03:18]} g5 {[%emt 0:00:54]} 26. Ne2 {[%emt 0:00:12]} Rd5 {[%emt 0:02:31]} 27. b3 {[%emt 0:02:19]} b5 {[%emt 0:01:09]} 28. Rff1 {[%emt 0:01:45]} Re8 {[%emt 0:00:25]} 29. Ng3 {[%emt 0:00:16]} Ne3+ {[%emt 0:00:20]} 30. Bxe3 {[%emt 0:00:05]} Rxe3 {[%emt 0:00:02]} 31. Rfe1 {[%emt 0:00:46]} Rexd3 {[%emt 0:00:42]} 32. Rxd3 {[%emt 0:00:04]} Rxd3 {[%emt 0:00:02]} 33. Nf5 {[%emt 0:00:24]} Bf8 {[%emt 0:00:49]} 34. Re6 {[%emt 0:00:42]} c4 {[%emt 0:01:34]} 35. bxc4 {[%emt 0:00:58]} bxc4 {[%emt 0:00:03]} 36. Rxc6 {[%emt 0:01:51]} Rd5 {[%emt 0:00:35]} 37. Ne3 {[%emt 0:00:33]} Ra5 {[%emt 0:00:06]} 38. Nxc4 {[%emt 0:00:10]} Rxa2+ {[%emt 0:00:08]} 39. Kg3 {[%emt 0:00:02]} a5 {[%emt 0:00:26]} 40. Kg4 {[%emt 0:00:14]} a4 {[%emt 0:00:14]} 41. Ra6 {[%emt 0:00:40]} a3 {[%emt 0:00:02]} 42. Nfe5 {[%emt 0:00:17]} Ra1 {[%emt 0:00:25]} 43. Kf5 {[%emt 0:00:17]} Kh7 {[%emt 0:00:16]} 44. Ra7+ {[%emt 0:00:38]} Bg7 {[%emt 0:00:04]} 45. Nxa3 {[%emt 0:00:09]} Rf1+ {[%emt 0:00:06]} 46. Ke6 {[%emt 0:00:08]} h5 {[%emt 0:00:17]} 47. Nac4 {[%emt 0:00:04]} h4 {[%emt 0:00:04]} 48. Ne3 {[%emt 0:00:10]} Rf6+ {[%emt 0:00:14]} 49. Kd5 {[%emt 0:00:01]} h3 {[%emt 0:01:10]} 50. N3g4 {[%emt 0:00:02]} Rb6 {[%emt 0:00:07]} 51. Ke4 {[%emt 0:00:11]} Kg8 {[%emt 0:00:16]} 52. Nd7 {[%emt 0:00:21]} Rb2 {[%emt 0:00:14]} 53. Kf5 {[%emt 0:00:21]} h2 {[%emt 0:00:10]} 54. Ndf6+ {[%emt 0:00:02]} Bxf6 {[%emt 0:00:06]} 55. Nxf6+ {[%emt 0:00:01]} Kf8 {[%emt 0:00:09]} 56. Kg6 {[%emt 0:00:01]} Rb7 {[%emt 0:00:23]} 57. Rxb7 {[%emt 0:00:01]} 1-0

[Event "EIRCC 2019"]
[Site "Tallinn"]
[Date "2019.12.05"]
[Round "5.10"]
[White "Van Foreest, Lucas"]
[Black "Aleksandrov, Aleksej"]
[Result "1-0"]
[WhiteElo "2399"]
[BlackElo "2576"]
[Annotator "ChessBase"]
[PlyCount "73"]
[EventDate "2019.12.05"]
[EventType "swiss"]
[EventCountry "EST"]
[SourceTitle "playchess.com"]
[Source "ChessBase"]
[SourceQuality "1"]
[TimeControl "900+10"]

1. e4 e5 {[%emt 0:00:40]} 2. Nf3 {[%emt 0:00:00]} Nc6 {[%emt 0:00:07]} 3. Nc3 {[%emt 0:00:00]} Nf6 {[%emt 0:00:01]} 4. d4 {[%emt 0:00:00]} exd4 {[%emt 0:00:03]} 5. Nxd4 {[%emt 0:00:00]} Bb4 {[%emt 0:00:01]} 6. Nxc6 {[%emt 0:00:00]} bxc6 {[%emt 0:00:01]} 7. Bd3 {[%emt 0:00:00]} O-O {[%emt 0:00:02]} 8. O-O {[%emt 0:00:00]} d5 {[%emt 0:00:01]} 9. Bd2 {[%emt 0:00:00]} Bg4 {[%emt 0:00:20]} 10. f3 {[%emt 0:00:01]} Bh5 {[%emt 0:00:01]} 11. e5 {[%emt 0:00:28]} Nd7 {[%emt 0:00:09]} 12. Qe1 {[%emt 0:00:01]} Bg6 {[%emt 0:01:32]} 13. f4 {[%emt 0:00:02]} Bxd3 {[%emt 0:00:08]} 14. cxd3 {[%emt 0:00:02]} Bc5+ {[%emt 0:00:19]} 15. Kh1 {[%emt 0:00:04]} Re8 {[%emt 0:00:05]} 16. Rc1 {[%emt 0:00:19]} Bb6 {[%emt 0:00:13]} 17. Na4 {[%emt 0:04:15]} c5 {[%emt 0:00:05]} 18. b4 {[%emt 0:00:03]} Qe7 {[%emt 0:02:09]} 19. bxc5 {[%emt 0:00:33]} Nxc5 {[%emt 0:00:01]} 20. Nxc5 {[%emt 0:00:12]} Bxc5 {[%emt 0:00:01]} 21. Qg3 {[%emt 0:00:44]} Bd4 {[%emt 0:00:32]} 22. Be3 {[%emt 0:00:18]} Bxe3 {[%emt 0:00:09]} 23. Qxe3 {[%emt 0:00:01]} f6 {[%emt 0:01:24]} 24. d4 {[%emt 0:00:02]} fxe5 {[%emt 0:00:09]} 25. dxe5 {[%emt 0:00:15]} Rab8 {[%emt 0:01:51]} 26. Qxa7 {[%emt 0:00:06]} Rec8 {[%emt 0:00:05]} 27. Qd4 {[%emt 0:00:26]} Rb5 {[%emt 0:00:19]} 28. f5 {[%emt 0:00:04]} Qb4 {[%emt 0:00:14]} 29. Qd3 {[%emt 0:00:17]} Rc5 {[%emt 0:00:29]} 30. f6 {[%emt 0:00:17]} Rf8 {[%emt 0:01:23]} 31. Rxc5 {[%emt 0:01:34]} Qxc5 {[%emt 0:00:02]} 32. Qg3 {[%emt 0:00:34]} Rf7 {[%emt 0:00:49]} 33. Qg4 {[%emt 0:00:55]} h6 {[%emt 0:01:56]} 34. Qc8+ {[%emt 0:00:03]} Kh7 {[%emt 0:00:23]} 35. Qe6 {[%emt 0:00:50]} Qc4 {[%emt 0:00:50]} 36. Rg1 {[%emt 0:00:01]} Kg6 {[%emt 0:00:17]} 37. Qe8 {[%emt 0:00:02]} 1-0